000
00266nam a2200097Ia 4500
005
20251222114402.0
008
251222s1900||||xx |||||||||||||| ||spa||
082
_a
DVD0124/C68/2003
245
0
_a
Led Zeppelin: la canción continúa:The Song Remains the Same
942
_c
DVD
999
_c
1661
_d
1661